000 00219nam a22000857a 4500
008 160704b xxu||||| |||| 00| 0 eng d
100 _91967
_a Mittal, S
245 _aChildren and Media
260 _aNew Delhi
_bIsha Books
_c2005
999 _c1667
_d1667